Analýza otevřených devizových pozic

Primeranosť limitov stanovených ČNB pre devízové obchody bánk. Analýza otvorených devízových pozícií a riziko z nich vyplývajúce. Členenie rizík. Tri úrovne limitov. Spracovanie modelov (portfoliový model, funkčný model). Posúdenie limitov.

Salvato in:
Dettagli Bibliografici
Autore principale: Sigmund, V.
Natura: Capitolo di libro
Lingua:ceco
Soggetti:
Tags: Aggiungi Tag
Nessun Tag, puoi essere il primo ad aggiungerne!!

MARC

LEADER 00000naa a2200000 4500
001 r017089
005 20221205101307.1
041 0 |a cze 
044 |a CZ 
245 1 0 |a Analýza otevřených devizových pozic  |c V. Sigmund 
520 |a Primeranosť limitov stanovených ČNB pre devízové obchody bánk. Analýza otvorených devízových pozícií a riziko z nich vyplývajúce. Členenie rizík. Tri úrovne limitov. Spracovanie modelov (portfoliový model, funkčný model). Posúdenie limitov. 
610 2 0 |a trh devízový 
610 2 0 |a riziko 
610 2 0 |a devízy 
610 2 0 |a limity 
610 2 0 |a kurz menový 
610 2 0 |a modely 
610 2 0 |a koeficient korelácie 
610 2 0 |a pojmy 
610 2 0 |a banky 
610 2 0 |a obchody bankové 
610 2 0 |a Česko 
100 1 |a Sigmund, V.